1949 1264 1401 1064 1991 1029 1476 1031 1200 1662 1948 1293 1373 1617 1266 1054 1960 1828 1357 1173 1412 1528 1835 1161 1380 1634 1756 1218 1696 1405 1500 1177 1779 1820 1898 1484 1197 1198 1571 1067 1184 1279 1627 1069 1333 1286 1934 1291 1468 1848 1105 1676 1343 1334 1234 1866 1101 1358 1643 1052 1902 1809 1802 1547 1211 1636 1727 1618 1185 1985 1353 1838 1996 1184 1624 1615 1575 1360 1522 1646 1302 1049 1593 1099 1620 1198 1934 1428 1232 1568 1849 1381 1605 1800 1650 1861 1728 1981 1578 BCNSPRNW ULIB Ver.6.0+V

เปลี่ยนเป็นภาษาไทย

Change to English
 แสดงรายละเอียดบรรณานุกรม
  กลับหน้าหลัก

Brief Record : Get Marc (ISO 2709) : E-mail record : QR code < ปิดหน้าต่าง
LEADER : 00000nam 2200000uu 4500
001    13399109044
003     ULIB
008    110320s2546||||th 000 0 tha d
020    9749021738
060 04 WX158^bก513 2546
245 10 การวางแผนจำหน่ายผู้ป่วย :^bแนวคิดและการประยุกต์ใช้ /^cวันเพ็ญ พิชิตพรชัยและอุษาวดี อัศดรวิเศษ [บรรณาธิการ]
250    พิมพ์ครั้งที่ 2 (ฉบับปรับปรุง)
260    กรุงเทพฯ :^bคณะพยาบาลศาสตร์ มหาวิทยาลัยมหิดล,^c2546
300    126 หน้า :^bภาพประกอบ ;^c26 ซม.
650  7 ผู้ป่วย, การจำหน่ายออกจากโรงพยาบาล
700 0  วันเพ็ญ พิชิตพรชัย,^eบรรณาธิการ
700 0  อุษาวดี อัศดรวิเศษ,^eบรรณาธิการ
710 2  มหาวิทยาลัยมหิดล. ^bคณะพยาบาลศาสตร์
945    ^p70^l0^i017676
945    ^p70^l0^i017677
945    ^p70^l0^i017675
995    เกษร
999 ^a ใช้งานได้ทุกระบบ
รายการนี้ยังไม่มีแท็ก
คุณยังไม่ได้ล็อกอิน คุณสามารถมีกิจกรรมร่วมกับเว็บไซต์ได้ แต่ต้องล็อกอินก่อน ::
  ล็อกอิน

รายการสื่อสารสนเทศ

ลำดับที่ ประเภท เลขเรียก/บาร์โค้ด สถานที่ สถานะ
- ไม่พบข้อมูล -

รายการใกล้เคียง
    หัวเรื่อง [ผู้ป่วย, การจำหน่ายออกจากโรงพยาบาล]

BibComment


ยังไม่เคยถูกคอมเมนท์

คอมเมนท์ทรัพยากรรายการนี้
  คอมเมนท์: การวางแผนจำหน่ายผ..


 Copyright 2026. Bcnsprnw @Library